00295 a2200121 4500001000700000020001800007040001100025100002000036240005300056245004800109300000700157362000900164186150 a0-582-43054-2 cMagnum aLima, Francisco10aBrazil 500 years: voyage to terra papagalislING10aBrazil 500 years: voyage to terra papagalis a140 a1999